000
00304nam a22001337a 4500
008
190225b xxu||||| |||| 00| 0 eng d
020
_a
9780201771572
041
_a
eng
080
_a
510
100
_a
36
101
_a
MAT
245
_a
Elementary and Intermediate Algebra
_c
Carson, T
942
_2
udc
_c
BK
999
_c
54214
_d
54214